BIBLIOTHÈQUE DE LA MAISON DU MEXIQUE

Logo 1 Logo 2

La "découverte" de l'Amérique? (notice nᵒ 339)

détails MARC
000 -Sello discográfico
campo de control de longitud fija 01130nam a2200313 4500
005 - Identificación de versión
campo de control 20251016082138.0
010 ## - Número Estándar Internacional de Libros (ISBN)
Número (ISBN) 2-7384-1774-4
035 ## - Otros números de control del sistema
Número de control del sistema 20012
099 ## - fechas locales
Tipo de ítem Koha LIBRO
100 ## - Datos de procesamiento general
Datos de procesamiento general 19941114d1992 m y1spay5003 ba
105 ## - Campo de datos codificados: Material textual, monográfico
Datos codificados de monografía a 001zy
200 1# - Título y mención de responsabilidad
Título propio La "découverte" de l'Amérique?
Designación general del material texto impreso
Otra información del título les regards sur l'autre à travers les manuels scolaires du monde
Primer mención de responsabilidad Coordination Javier Pérez Siller
Declaración de responsabilidad subsiguiente préface Marc Ferro
-- avant-propos Rainer Riemenschneider
210 ## - Publicación, distribución, etc.
Lugar de publicación, distribución, etc. Paris
Nombre del editor, distribuidor, etc. Editions L'Harmattan
Fecha de publicación, distribución, etc. 1992
215 ## - Descripción física
Designación de material específico y extensión del ítem 319 p
Otras características físicas il.
Dimensiones 22 cm
320 ## - Nota de índices/bibliografías internas
Texto de la nota Contiene bibliografía
345 ## - Nota de información de adquisición
Fuente de adquisición/dirección de la suscripción [OBSOLETO] Compra
410 #1 - Series
Título Recherches et Documents Amériques Latines
607 ## - Nombre geográfico utilizado como tema
Elemento de entrada América
Subdivisión temática Descubrimiento y exploración
-- Historiografía
Número Koha 1063
702 ## - Nombre personal - Responsabilidad secundaria
Elemento de entrada Ferro
Parte del nombre distinta del elemento de entrada Marc
Número Koha 1064
702 ## - Nombre personal - Responsabilidad secundaria
Elemento de entrada Pérez Siller
Parte del nombre distinta del elemento de entrada Javier
Fechas 1955-
Número Koha 1065
702 ## - Nombre personal - Responsabilidad secundaria
Elemento de entrada Riemenschneider
Parte del nombre distinta del elemento de entrada Rainer
Número Koha 1066
801 #0 - Fuente de origen
Agencia cm
900 ## -
-- 1/10918
900 ## -
-- 71094434\\\141194
942 ## - ELEMENTOS DE ENTRADA SECUNDARIOS (KOHA)
Tipo de ítem Koha Livre
996 ## -
-- MEX
-- 751145101
-- MMAG
-- 001742
-- 980.72 H287 V.3
-- 20200722LIV
Exemplaires
Estatus retirado Estado de daño Estado de pérdida Fecha de adquisición Biblioteca de origen Biblioteca actual Ubicación en estantería Código de barras Precio de reemplazo Signatura topográfica completa No para préstamo Tipo de ítem Koha Nota pública Nota no pública
      05/08/2025 Casa México Paris Casa México Paris   001742 05/08/2025 980.72 H287 V.3   Livre 20200722LIV 751145101